Welcome to CU Library Online Public Access Catalogue (OPAC)

Fundamentals of nursing : (Record no. 449)

MARC details
000 -LEADER
fixed length control field 00737cam a22002294a 4500
001 - CONTROL NUMBER
control field 13097775
005 - DATE AND TIME OF LATEST TRANSACTION
control field 20241031122155.0
008 - FIXED-LENGTH DATA ELEMENTS--GENERAL INFORMATION
fixed length control field 030221s2004 njua b 001 0 eng
020 ## - INTERNATIONAL STANDARD BOOK NUMBER
International Standard Book Number 0130455296
050 00 - LIBRARY OF CONGRESS CALL NUMBER
Classification number RT41
Item number .F8813 2004
082 00 - DEWEY DECIMAL CLASSIFICATION NUMBER
Classification number 610.73
Edition information 21
245 00 - TITLE STATEMENT
Title Fundamentals of nursing :
Remainder of title concepts, process, and practice /
Statement of responsibility, etc. Barbara Kozier ... [et al.].
250 ## - EDITION STATEMENT
Edition statement 7th ed.
260 ## - PUBLICATION, DISTRIBUTION, ETC.
Place of publication, distribution, etc. Upper Saddle River, N.J. :
Name of publisher, distributor, etc. Prentice Hall Health,
Date of publication, distribution, etc. c2004.
300 ## - PHYSICAL DESCRIPTION
Extent xxxiii, 1516 p. :
Other physical details ill. (chiefly col.) ;
Dimensions 28 cm. +
Accompanying material 1 CD-ROM (4 3/4 in.)
500 ## - GENERAL NOTE
General note It includes glossary, index and a cd
650 #0 - SUBJECT ADDED ENTRY--TOPICAL TERM
Topical term or geographic name entry element Nursing.
650 12 - SUBJECT ADDED ENTRY--TOPICAL TERM
Topical term or geographic name entry element Nursing Process.
650 22 - SUBJECT ADDED ENTRY--TOPICAL TERM
Topical term or geographic name entry element Nursing Care.
700 1# - ADDED ENTRY--PERSONAL NAME
Personal name Kozier, Barbara.
942 ## - ADDED ENTRY ELEMENTS (KOHA)
Source of classification or shelving scheme Library of Congress Classification
Koha item type Books
Suppress in OPAC No
999 ## -
-- 449
-- 449
Holdings
Withdrawn status Lost status Source of classification or shelving scheme Damaged status Not for loan Collection Home library Current library Shelving location Date acquired Total checkouts Full call number Barcode Date last seen Copy number Price effective from Koha item type
    Library of Congress Classification     Non-fiction Undergraduate Library (Christ Temple) Undergraduate Library (Christ Temple) General stacks 10/31/2024   RT 41.F8813 FUN ulct00000107 10/31/2024 1 10/31/2024 Books
    Library of Congress Classification     Non-fiction Undergraduate Library (Christ Temple) Undergraduate Library (Christ Temple) General stacks 10/31/2024   RT 41.F8813 FUN ulct00000108 10/31/2024 2 10/31/2024 Books
© 2023-2024 Copyright: Central University Libraries. All Rights Reserved | Created by: Mahone Tech Office